| 000 | 00552nam a22001697a 4500 | ||
|---|---|---|---|
| 008 | 230602b |||||||| |||| 00| 0 eng d | ||
| 040 |
_aNational Science Library _cNational Science Library |
||
| 080 |
_aR 31(035) _bM3 |
||
| 245 |
_aHandbook of statistics 1983 _c/ Association of Indian Engineering Industry |
||
| 250 | _a16th ed. | ||
| 260 |
_aNew Delhi: _bAssociation of Indian Engineering Industry, _c1983 |
||
| 300 | _axv, 391p. | ||
| 365 |
_b100.00 _cINR |
||
| 650 | _aStatistics | ||
| 653 | _aEngineering industries | ||
| 942 |
_2udc _cHDK |
||
| 999 |
_c38726 _d38726 |
||